1980s Movie Characters - Statistics

General Stats
  • This quiz has been taken 77 times
  • The average score is 20 of 31
Answer Stats
Hint Answer % Correct
Marty McFly Back to the Future
97%
Han Solo Star Wars V: The Empire Strikes Back
95%
Bruce Wayne Batman
94%
Pete "Maverick" Mitchell Top Gun
92%
Freddy Krueger A Nightmare on Elm Street
90%
James Bond Licence to Kill
90%
John McClane Die Hard
89%
Mr. Miyagi The Karate Kid
86%
Ellen Ripley Aliens
83%
John Rambo First Blood
83%
Ivan Drago Rocky IV
81%
Tony Montana Scarface
79%
Jason Voohrees Friday the 13th
76%
Zod Superman II
70%
Axel Foley Beverly Hills Cop
68%
Jake LaMotta Raging Bull
68%
Elliot Ness The Untouchables
67%
Kara Zor-El Supergirl
60%
Martin Riggs Lethal Weapon
59%
Frank Drebin The Naked Gun
56%
Marion Ravenwood Raiders of Lost Ark
54%
Antonio Salieri Amadeus
51%
Max Rockatansky Mad Max 2
44%
Tong Po Kickboxer
43%
Reggie Hammond 48 Hrs.
37%
Kyle Reese The Terminator
37%
Jack T. Colton Romancing the Stone
35%
Connor MacLeod Highlander
32%
Roy Batty Blade Runner
25%
Alex Owens Flashdance
24%
David "Noodles" Aaronson Once Upon a Time in America
21%
No matching quizzes found
Score Distribution
Percent of People with Each Score
Percentile by Number Answered
Your Score History
You have not taken this quiz